Countries With a H and I - Statistics

General Stats
  • This quiz has been taken 40 times
  • The average score is 11 of 17
Answer Stats
A % Correct
Haiti
94%
Chile
91%
China
88%
Lithuania
71%
Afghanistan
68%
Philippines
68%
South Africa
68%
Thailand
68%
D.R. Congo
65%
Liechtenstein
65%
Rep. of the Congo
65%
Czech Republic
62%
Ethiopia
53%
Bosnia and Herzegovina
50%
North Macedonia
50%
Bahrain
44%
St. Vincent and the Grenadines
44%
No matching quizzes found
Score Distribution
Percent of People with Each Score
Percentile by Number Answered
Your Score History
You have not taken this quiz